header

Euthanasia and law in the Netherlands (Record no. 89555)

MARC details
000 -LEADER
fixed length control field 01346nam a2200337Ia 4500
100 1# - MAIN ENTRY--AUTHOR NAME
Personal name Griffiths, John,
245 10 - TITLE STATEMENT
Title Euthanasia and law in the Netherlands
260 ## - PUBLICATION, DISTRIBUTION, ETC. (IMPRINT)
Place of publication Amsterdam :
Name of publisher Amsterdam University Press,
Year of publication 1998.
300 ## - PHYSICAL DESCRIPTION
Number of Pages xv, 382 p.
650 #0 - SUBJECT ADDED ENTRY--TOPICAL TERM
Topical Term Euthanasia
Topical Term Medical ethics
700 1# - ADDED ENTRY--PERSONAL NAME
Personal name Bood, Alex.
Personal name Weyers, Heleen.
856 40 - ELECTRONIC LOCATION AND ACCESS
Uniform Resource Identifier http://site.ebrary.com/lib/rucke/Doc?id=10391884

No items available.

© 2026 Rongo University
Contact us: librarian | system librarian | Rongo university